5HLuxD.jpg

KING HENRY VIII SENIOR AND PRIMARY SCHOOL LIBRARY OPAC

Amazing animals (Record no. 3108)

000 -LEADER
fixed length control field 00521nam a22001937a 4500
005 - DATE AND TIME OF LATEST TRANSACTION
control field 20231009135749.0
008 - FIXED-LENGTH DATA ELEMENTS--GENERAL INFORMATION
fixed length control field 231009b ||||| |||| 00| 0 eng d
020 ## - INTERNATIONAL STANDARD BOOK NUMBER
International Standard Book Number 9789461515551
040 ## - CATALOGING SOURCE
Transcribing agency KH8
082 ## - DEWEY DECIMAL CLASSIFICATION NUMBER
Classification number 590 YOY
245 ## - TITLE STATEMENT
Title Amazing animals
260 ## - PUBLICATION, DISTRIBUTION, ETC.
Place of publication, distribution, etc. Belgium,
Name of publisher, distributor, etc. Yoyo Books,
Date of publication, distribution, etc. 2012
300 ## - PHYSICAL DESCRIPTION
Extent 1 volume (unpaged) :
Other physical details color illustrations ;
Dimensions 25 cm.
650 ## - SUBJECT ADDED ENTRY--TOPICAL TERM
Topical term or geographic name entry element Animals
650 ## - SUBJECT ADDED ENTRY--TOPICAL TERM
Topical term or geographic name entry element Animals Juvenile literature
650 ## - SUBJECT ADDED ENTRY--TOPICAL TERM
Topical term or geographic name entry element Juvenile works
710 ## - ADDED ENTRY--CORPORATE NAME
Corporate name or jurisdiction name as entry element Yoyo Books
Relator term publisher
942 ## - ADDED ENTRY ELEMENTS (KOHA)
Source of classification or shelving scheme
Koha item type Books - Non Ficton
Holdings
Withdrawn status Lost status Source of classification or shelving scheme Damaged status Not for loan Collection code Permanent Location Current Location Shelving location Date acquired Total Checkouts Full call number Barcode Date last seen Date last checked out Price effective from Koha item type
          Non-Fiction KH8 Primary School Library KH8 Primary School Library Non Fiction 2023-10-09 20 590 YOY KHPL000004318 2026-02-03 2026-01-27 2023-10-09 Books - Non Ficton

Powered By KH8 IT Dept